[Event "IECC P-4516"]
[Site "IECC email"]
[Date "2009.01.29"]
[Round "?"]
[White "Montanez, Juan"]
[Black "Ostrovskij, Jori"]
[Result "0-1"]
[WhiteElo "1331"]
[BlackElo "1706"]
[PlyCount "66"]
[EventDate "2009.??.??"]
[EventType "tourn (corr)"]
[EventRounds "1"]
[SourceTitle "Corr 2011"]
[Source "ChessBase"]
[SourceDate "2010.08.31"]
[SourceVersion "1"]
[SourceVersionDate "2010.08.31"]
[SourceQuality "1"]
[WhiteTeam "US of America"]
[BlackTeam "Finland"]
[WhiteTeamCountry "USA"]
[BlackTeamCountry "FIN"]

1. e4 d5 2. exd5 Qxd5 3. Nc3 Qa5 4. d4 Nf6 5. Bc4 Nc6 6. d5 Ne5 7. Bb3 c6 8. Qd4 Ned7 9. dxc6 bxc6 10. Bd2 e6 11. 0-0-0 Qb6 12. Nge2 Nc5 13. Ba4 Be7 14. f3 0-0 15. Be3 Nd5 16. Bf2 Ba6 17. Nxd5 cxd5 18. Nc3 Rfc8 19. Qd2 Qa5 20. Bxc5 Bxc5 21. Bb3 Bb4 22. Qd4 Bxc3 23. bxc3 Bc4 24. Kb2 Rc6 25. Rhe1 Rac8 26. Re3 Ra6 27. a4 Rb8 28. Ra1 f6 29. f4 Rab6 30. Ra3 Qa6 31. g3 Qb7 32. Qd1 Qc7 33. Qe1 Kf7 0-1

[Event "IECC P-4472"]
[Site "IECC email"]
[Date "2008.08.12"]
[Round "?"]
[White "Richard, Andy"]
[Black "Ostrovskij, Jori"]
[Result "1/2-1/2"]
[WhiteElo "1115"]
[BlackElo "1708"]
[PlyCount "49"]
[EventDate "2008.??.??"]
[EventType "match (corr)"]
[SourceTitle "Corr 2013"]
[Source "ChessBase"]
[SourceDate "2012.11.12"]
[SourceVersion "1"]
[SourceVersionDate "2012.11.12"]
[SourceQuality "1"]
[WhiteTeam "US of America"]
[BlackTeam "Australia"]
[WhiteTeamCountry "USA"]
[BlackTeamCountry "AUS"]

1. Nf3 d5 2. g3 Nf6 3. Bg2 Bf5 4. 0-0 e6 5. d3 Nbd7 6. Nbd2 c6 7. Qe1 Bg6 8. e4 Be7 9. e5 Ng4 10. Qe2 Qc7 11. Re1 h5 12. h3 Nh6 13. Nb3 0-0-0 14. Bg5 Bxg5 15. Nxg5 c5 16. a4 Kb8 17. a5 a6 18. c4 Rhe8 19. Nf3 dxc4 20. dxc4 Nf5 21. Rad1 f6 22. Rd2 Nf8 23. Red1 Rxd2 24. Rxd2 Rc8 25. Kh1 1/2-1/2

[Event "IECC Swiss-500.4"]
[Site "IECC email"]
[Date "2007.02.01"]
[Round "?"]
[White "Ostrovskij, Jori"]
[Black "Pivirotto, Filiberto"]
[Result "1-0"]
[WhiteElo "1678"]
[BlackElo "1664"]
[PlyCount "147"]
[EventDate "2007.??.??"]
[EventType "tourn (corr)"]
[EventRounds "1"]
[SourceTitle "Corr 2011"]
[Source "ChessBase"]
[SourceDate "2010.08.31"]
[SourceVersion "1"]
[SourceVersionDate "2010.08.31"]
[SourceQuality "1"]
[WhiteTeam "Australia"]
[BlackTeam "Belgium"]
[WhiteTeamCountry "AUS"]
[BlackTeamCountry "BEL"]

1. d4 Nf6 2. Nf3 g6 3. Bf4 Bg7 4. e3 0-0 5. Nbd2 b6 6. Be2 Bb7 7. 0-0 d6 8. c3 Nbd7 9. Qc2 c5 10. e4 a6 11. d5 b5 12. a4 Qb6 13. c4 bxa4 14. Rxa4 e5 15. Be3 Qc7 16. Rfa1 Ng4 17. Bg5 h6 18. Bh4 Nb6 19. Ra5 Rfb8 20. Ne1 Bc8 21. Bxg4 Bxg4 22. Rxa6 Rxa6 23. Rxa6 Bc8 24. Ra3 f5 25. f3 f4 26. Nd3 Bd7 27. Bf2 Nc8 28. b4 cxb4 29. Ra2 Qb7 30. Rb2 Ra8 31. Rxb4 Ra1+ 32. Rb1 Ba4 33. Qc1 Rxb1 34. Nxb1 Qa6 35. Nb4 Qb7 36. Qa3 Be8 37. Qa5 Bf8 38. Nd2 Qb8 39. Nd3 Bg7 40. c5 dxc5 41. Qd8 Kf7 42. Nc4 Bb5 43. d6 Bf6 44. Ndxe5+ Kg7 45. Qc7+ Qxc7 46. dxc7 Be7 47. g3 fxg3 48. Bxg3 h5 49. h4 Ba6 50. Kf2 Bf6 51. Ke3 Be7 52. f4 Bf8 53. Be1 Na7 54. Na3 Nc8 55. Bc3 Bd6 56. Nec4+ Kf7 57. Nxd6+ Nxd6 58. Be5 Ke6 59. Bxd6 Kxd6 60. Nc4+ Kxc7 61. Ne5 c4 62. Kd4 Kd8 63. Nxc4 Ke7 64. Ne5 Kf6 65. Kd5 Be2 66. Kd6 Bd1 67. Nd7+ Kf7 68. e5 Bg4 69. Nc5 Ke8 70. e6 Bd1 71. e7 Bf3 72. Ke6 Bg4+ 73. Kf6 Bf5 74. Ne6 1-0

[Event "IECC CL4-2006.14 email"]
[Site "IECC email"]
[Date "2007.01.23"]
[Round "?"]
[White "Ostrovskij, Jori"]
[Black "Rodrigues, Paulo Odonel"]
[Result "1/2-1/2"]
[WhiteElo "1657"]
[BlackElo "1689"]
[PlyCount "83"]
[EventDate "2007.??.??"]
[EventType "tourn (corr)"]
[EventRounds "4"]
[SourceTitle "Corr 2008"]
[Source "ChessBase"]
[SourceDate "2008.06.24"]
[SourceVersion "1"]
[SourceVersionDate "2008.06.24"]
[SourceQuality "1"]
[WhiteTeam "Finland"]
[BlackTeam "Brazil"]
[WhiteTeamCountry "FIN"]
[BlackTeamCountry "BRA"]

1. d4 Nf6 2. Nf3 d5 3. Bf4 Bf5 4. e3 e6 5. Be2 Bd6 6. Bg5 h6 7. Bh4 Nc6 8. c3 0-0 9. 0-0 Qe7 10. Nbd2 Rfe8 11. c4 g5 12. Bg3 Bxg3 13. hxg3 Rad8 14. Qb3 Qb4 15. cxd5 exd5 16. Bb5 Qxb3 17. Nxb3 Bd7 18. Rfc1 Ne4 19. Bxc6 Bxc6 20. Na5 Rd6 21. Ne5 Rf6 22. Rc2 Ba4 23. b3 Ra6 24. Nxb7 f6 25. Ng4 f5 26. bxa4 fxg4 27. Rxc7 Rxa4 28. Nc5 Nxc5 29. dxc5 Rf8 30. c6 Rc4 31. Rd1 Rf7 32. Rxf7 Kxf7 33. Rxd5 Rc1+ 34. Kh2 Rxc6 35. Rd7+ Kg6 36. Rxa7 Rc2 37. a4 Rxf2 38. a5 Re2 39. Re7 Ra2 40. Re6+ Kf5 41. Ra6 Ra3 42. Ra8 1/2-1/2

[Event "IECC CL4-2006.14 email"]
[Site "IECC email"]
[Date "2007.01.23"]
[Round "?"]
[White "Ostrovskij, Jori"]
[Black "Van der Mark, Niels"]
[Result "0-1"]
[WhiteElo "1675"]
[BlackElo "1729"]
[PlyCount "100"]
[EventDate "2007.??.??"]
[EventType "tourn (corr)"]
[EventRounds "4"]
[SourceTitle "Corr 2008"]
[Source "ChessBase"]
[SourceDate "2008.06.24"]
[SourceVersion "1"]
[SourceVersionDate "2008.06.24"]
[SourceQuality "1"]
[WhiteTeam "Finland"]
[BlackTeam "Netherlands"]
[WhiteTeamCountry "FIN"]
[BlackTeamCountry "NED"]

1. d4 d5 2. Nf3 Nf6 3. Bf4 c5 4. c3 cxd4 5. Nxd4 Nc6 6. e3 Qb6 7. Qb3 Qxb3 8. Nxb3 e5 9. Bg3 Ne4 10. N1d2 Nxg3 11. hxg3 Bf5 12. Nf3 0-0-0 13. Bb5 Bd6 14. 0-0-0 a6 15. Be2 Be7 16. Rd2 f6 17. Rhd1 Be6 18. Ne1 h5 19. Nd3 b6 20. Ne1 Kb7 21. Nc2 a5 22. a4 Rd6 23. Bf3 Rhd8 24. Bxh5 d4 25. Nba1 d3 26. Na3 f5 27. Nb5 R6d7 28. Bg6 e4 29. g4 Ne5 30. gxf5 Bd5 31. b3 Rh8 32. Nd4 Bc5 33. f3 Nxg6 34. fxg6 Rd6 35. Kb2 Re8 36. Re1 Rxg6 37. Nf5 Re5 38. Nd4 Reg5 39. g4 exf3 40. e4 Bxd4 41. cxd4 Re6 42. Rxd3 Rxe4 43. Rf1 Rgxg4 44. Rdxf3 Re2+ 45. Kc3 Bxf3 46. Rxf3 Rg1 47. Kd3 Rb2 48. Nc2 Rxb3+ 49. Ke4 Rxf3 50. Kxf3 Rc1 0-1

[Event "IECC KO-2080"]
[Site "IECC email"]
[Date "2006.10.29"]
[Round "?"]
[White "Von Rosenberg, Clemens"]
[Black "Ostrovskij, Jori"]
[Result "0-1"]
[WhiteElo "1529"]
[BlackElo "1626"]
[PlyCount "62"]
[EventDate "2006.??.??"]
[EventType "match (corr)"]
[EventRounds "2"]
[SourceTitle "Corr 2020"]
[Source "ChessBase"]
[SourceDate "2019.09.30"]
[SourceVersion "1"]
[SourceVersionDate "2019.09.30"]
[SourceQuality "1"]
[WhiteTeam "Germany"]
[BlackTeam "Finland"]
[WhiteTeamCountry "GER"]
[BlackTeamCountry "FIN"]

1. e4 d5 2. exd5 Qxd5 3. Nc3 Qa5 4. d4 Nf6 5. Nf3 Bg4 6. h3 Bh5 7. g4 Bg6 8. Ne5 e6 9. Bg2 c6 10. 0-0 Nbd7 11. Qe2 Nxe5 12. dxe5 Nd7 13. f4 h5 14. f5 Bh7 15. fxe6 fxe6 16. g5 0-0-0 17. Be3 Bc5 18. Rae1 Rhf8 19. Kh1 Rxf1+ 20. Rxf1 Bxe3 21. Qxe3 Bxc2 22. Re1 Bf5 23. a3 Nb6 24. Bf1 Nd5 25. Nxd5 Qxd5+ 26. Kh2 Qd2+ 27. Qxd2 Rxd2+ 28. Re2 Rd3 29. Rf2 Rb3 30. h4 Re3 31. Re2 Rf3 0-1

[Event "IECC CL5-2006.11 email"]
[Site "IECC email"]
[Date "2006.06.19"]
[Round "?"]
[White "Ostrovskij, Jori"]
[Black "Williams, J Noel"]
[Result "1-0"]
[WhiteElo "1546"]
[BlackElo "1500"]
[PlyCount "75"]
[EventDate "2006.??.??"]
[EventType "tourn (corr)"]
[EventRounds "4"]
[SourceTitle "Corr 2015"]
[Source "ChessBase"]
[SourceDate "2015.07.17"]
[SourceVersion "1"]
[SourceVersionDate "2015.07.17"]
[SourceQuality "1"]
[WhiteTeam "Finland"]
[BlackTeam "US of America"]
[WhiteTeamCountry "FIN"]
[BlackTeamCountry "USA"]

1. d4 Nf6 2. Nf3 b6 3. Bf4 e6 4. e3 Bb7 5. Nbd2 Ne4 6. Nxe4 Bxe4 7. Bd3 f5 8. Bxe4 fxe4 9. Ng5 Be7 10. Nxe4 d5 11. Qh5+ g6 12. Qe5 Kd7 13. Ng5 Bxg5 14. Bxg5 Qe8 15. Bf4 Qd8 16. Qg7+ Kc6 17. Rc1 Na6 18. Be5 Qg5 19. 0-0 Rac8 20. c4 Kb7 21. cxd5 exd5 22. Qd7 Rhd8 23. Qc6+ Kb8 24. Bf6 Qf5 25. Bxd8 Rxd8 26. b4 Rd6 27. Qa4 Kb7 28. b5 Nb8 29. Rxc7+ Kxc7 30. Qxa7+ Kc8 31. Rc1+ Kd8 32. Qc7+ Ke8 33. Qxd6 Nd7 34. e4 dxe4 35. Rc8+ Kf7 36. Rd8 e3 37. Rxd7+ Kg8 38. Qb8+ 1-0

[Event "IECC CL5-2006.07 email"]
[Site "IECC email"]
[Date "2006.04.27"]
[Round "?"]
[White "Ostrovskij, Jori"]
[Black "Cuomo, Salvatore"]
[Result "1-0"]
[WhiteElo "1523"]
[BlackElo "1455"]
[PlyCount "41"]
[EventDate "2006.??.??"]
[EventType "tourn (corr)"]
[EventRounds "4"]
[SourceTitle "Corr 2015"]
[Source "ChessBase"]
[SourceDate "2015.07.17"]
[SourceVersion "1"]
[SourceVersionDate "2015.07.17"]
[SourceQuality "1"]

1. d4 d5 2. Nf3 Nf6 3. Bf4 c5 4. dxc5 e6 5. b4 a5 6. c3 axb4 7. cxb4 Nc6 8. Qb3 b6 9. Nbd2 bxc5 10. bxc5 Bxc5 11. Qb5 Qb6 12. e3 0-0 13. a4 Bd7 14. Rc1 Ra5 15. Qxb6 Bxb6 16. Rb1 Bc5 17. Bb5 Nb4 18. Nb3 Bxb5 19. Nxa5 Nd3+ 20. Kd2 Ne5 21. axb5 1-0

[Event "IECC CL5-2006.07 email"]
[Site "IECC email"]
[Date "2006.04.27"]
[Round "?"]
[White "Ostrovskij, Jori"]
[Black "Mauro, Danilo"]
[Result "1-0"]
[WhiteElo "1519"]
[BlackElo "1518"]
[PlyCount "65"]
[EventDate "2006.??.??"]
[EventType "tourn (corr)"]
[EventRounds "4"]
[SourceTitle "Corr 2015"]
[Source "ChessBase"]
[SourceDate "2015.07.17"]
[SourceVersion "1"]
[SourceVersionDate "2015.07.17"]
[SourceQuality "1"]

1. d4 Nf6 2. Nf3 g6 3. Bf4 Bg7 4. e3 0-0 5. Be2 d6 6. 0-0 Nbd7 7. Nbd2 c5 8. c3 b6 9. e4 Bb7 10. d5 Re8 11. a4 a5 12. Bb5 Qc7 13. Re1 Ba6 14. Bxa6 Rxa6 15. Nc4 Raa8 16. Na3 Ng4 17. Nb5 Qd8 18. Qe2 Nde5 19. Nd2 Nf6 20. Bxe5 dxe5 21. Red1 Nd7 22. Nc4 Rb8 23. Qf3 Nf8 24. Qg3 f6 25. Na7 Rb7 26. Nc6 Qc7 27. b4 cxb4 28. cxb4 axb4 29. Qb3 Ne6 30. a5 b5 31. Qxb4 bxc4 32. Qxc4 Rd8 33. dxe6 1-0

[Event "IECC KO-2071"]
[Site "IECC email"]
[Date "2006.04.22"]
[Round "?"]
[White "Cisneros, Claudi"]
[Black "Ostrovskij, Jori"]
[Result "0-1"]
[WhiteElo "1251"]
[BlackElo "1557"]
[PlyCount "35"]
[EventDate "2005.??.??"]
[EventType "match (corr)"]
[EventRounds "2"]
[SourceTitle "Corr 2020"]
[Source "ChessBase"]
[SourceDate "2019.09.30"]
[SourceVersion "1"]
[SourceVersionDate "2019.09.30"]
[SourceQuality "1"]
[WhiteTeam "Spain"]
[BlackTeam "Finland"]
[WhiteTeamCountry "ESP"]
[BlackTeamCountry "FIN"]

1. e4 d5 2. exd5 Qxd5 3. Nc3 Qa5 4. d4 c6 5. Nf3 Nf6 6. Bc4 Bg4 7. h3 Bh5 8. g4 Bg6 9. Bd2 Qb6 10. g5 Ne4 11. Nxe4 Bxe4 12. Bc3 e6 13. Qe2 Bd5 14. Ne5 Bd6 15. Rg1 Nd7 16. Nxd7 Kxd7 17. 0-0-0 Rad8 18. Kb1 0-1

[Event "IECC KO-2071"]
[Site "IECC email"]
[Date "2006.04.22"]
[Round "?"]
[White "Ostrovskij, Jori"]
[Black "Cisneros, Claudi"]
[Result "1-0"]
[WhiteElo "1535"]
[BlackElo "1256"]
[PlyCount "36"]
[EventDate "2005.??.??"]
[EventType "match (corr)"]
[EventRounds "2"]
[SourceTitle "Corr 2020"]
[Source "ChessBase"]
[SourceDate "2019.09.30"]
[SourceVersion "1"]
[SourceVersionDate "2019.09.30"]
[SourceQuality "1"]
[WhiteTeam "Finland"]
[BlackTeam "Spain"]
[WhiteTeamCountry "FIN"]
[BlackTeamCountry "ESP"]

1. d4 Nf6 2. Nf3 d5 3. Bf4 e6 4. e3 c5 5. c3 Nc6 6. Nbd2 Bd6 7. dxc5 Bxf4 8. exf4 0-0 9. Bb5 Qc7 10. Bxc6 Qxc6 11. Nb3 a5 12. a4 b6 13. Qd4 bxc5 14. Nxc5 Qb6 15. b4 axb4 16. cxb4 Ba6 17. Nb3 Qc6 18. b5 Bxb5 1-0

[Event "IECC CL5-2006.03 email"]
[Site "IECC email"]
[Date "2006.02.21"]
[Round "?"]
[White "Ostrovskij, Jori"]
[Black "Manis, Jose"]
[Result "1-0"]
[WhiteElo "1468"]
[BlackElo "1559"]
[PlyCount "105"]
[EventDate "2006.??.??"]
[EventType "tourn (corr)"]
[EventRounds "4"]
[SourceTitle "Corr 2015"]
[Source "ChessBase"]
[SourceDate "2015.07.17"]
[SourceVersion "1"]
[SourceVersionDate "2015.07.17"]
[SourceQuality "1"]

1. d4 Nf6 2. Nf3 c5 3. dxc5 e6 4. Bf4 Bxc5 5. Bd6 Qb6 6. Bxc5 Qxc5 7. c3 0-0 8. e3 e5 9. Be2 d6 10. 0-0 Be6 11. Nbd2 h6 12. Qa4 Nbd7 13. Qb5 Rfc8 14. Rfd1 Qc7 15. Qb4 a5 16. Qa4 Bf5 17. Qc4 Nc5 18. Qh4 Bc2 19. Rdc1 Bd3 20. Bxd3 Nxd3 21. Rc2 Qc6 22. Ne1 Nxe1 23. Rxe1 Qd5 24. c4 Qd3 25. Rec1 a4 26. Nf3 Qf5 27. Rc3 Kh7 28. Nd2 e4 29. Qg3 Ra6 30. R3c2 Rac6 31. b3 a3 32. Nb1 Ra8 33. Nc3 Qg6 34. Rd2 Qxg3 35. hxg3 Kg6 36. Rcd1 Raa6 37. Rd4 h5 38. Nxe4 Nxe4 39. Rxe4 Kf6 40. g4 hxg4 41. Rf4+ Ke6 42. Rxg4 g6 43. Re4+ Kf6 44. g4 Rc5 45. f4 b5 46. cxb5 Rxb5 47. g5+ Kg7 48. Re8 Rc5 49. Rd2 Rc1+ 50. Kf2 Rb1 51. Ke2 Rb2 52. Rc8 Rb1 53. e4 1-0

[Event "IECC CL5-2006.03 email"]
[Site "IECC email"]
[Date "2006.02.21"]
[Round "?"]
[White "Ostrovskij, Jori"]
[Black "Takeuchi, Toshihiko"]
[Result "1-0"]
[WhiteElo "1488"]
[BlackElo "1534"]
[PlyCount "73"]
[EventDate "2006.??.??"]
[EventType "tourn (corr)"]
[EventRounds "4"]
[SourceTitle "Corr 2015"]
[Source "ChessBase"]
[SourceDate "2015.07.17"]
[SourceVersion "1"]
[SourceVersionDate "2015.07.17"]
[SourceQuality "1"]

1. d4 d5 2. Nf3 Nf6 3. Bf4 c5 4. c3 cxd4 5. Nxd4 Nc6 6. e3 Qb6 7. Qb3 Qxb3 8. Nxb3 e5 9. Bg3 Bf5 10. N1d2 Bd6 11. Nd4 exd4 12. Bxd6 dxe3 13. fxe3 0-0-0 14. Bf4 Rhe8 15. Be2 Ne5 16. 0-0 Nd3 17. Bh6 gxh6 18. Rxf5 Rxe3 19. Bxd3 Rxd3 20. Nb3 Ne4 21. Rxf7 Rd7 22. Rxd7 Kxd7 23. Re1 Kd6 24. Kf1 Nxc3 25. Nc1 Rd2 26. bxc3 Rc2 27. Ne2 Rxa2 28. Nf4 Rc2 29. Re6+ Kc5 30. Re7 Kc6 31. Rxh7 a5 32. Rxh6+ Kc5 33. Rh5 a4 34. Nxd5 Kd6 35. Nb6 a3 36. Nc4+ Kc6 37. Nxa3 1-0

[Event "IECC CL5-2005.17 email"]
[Site "IECC email"]
[Date "2005.12.19"]
[Round "?"]
[White "Popp, Tony"]
[Black "Ostrovskij, Jori"]
[Result "0-1"]
[WhiteElo "1395"]
[BlackElo "1450"]
[PlyCount "60"]
[EventDate "2005.??.??"]
[EventType "tourn (corr)"]
[EventRounds "4"]
[SourceTitle "Corr 2008"]
[Source "ChessBase"]
[SourceDate "2008.06.24"]
[SourceVersion "1"]
[SourceVersionDate "2008.06.24"]
[SourceQuality "1"]

1. a3 d5 2. d4 Nf6 3. Nd2 Bf5 4. Ngf3 e6 5. Nh4 Bg4 6. h3 Bh5 7. g4 Nfd7 8. Ndf3 Be7 9. gxh5 Bxh4 10. Nxh4 Qxh4 11. Rg1 Nc6 12. c3 Rg8 13. h6 g5 14. Rg4 Qxh6 15. f4 f5 16. fxg5 Qh5 17. Rg3 Qh4 18. Qd3 f4 19. Bxf4 Qxf4 20. Rg4 Qf5 21. 0-0-0 Rxg5 22. e4 dxe4 23. Rxe4 0-0-0 24. Rde1 Nc5 25. Qc2 Nxe4 26. Qxe4 Qxe4 27. Rxe4 Rg1 28. Rf4 Ne7 29. Kc2 Nd5 30. Rf3 Rxf1 0-1

[Event "IECC CL6-2005.19 email"]
[Site "IECC email"]
[Date "2005.11.28"]
[Round "?"]
[White "Ostrovskij, Jori"]
[Black "Jensen, Jeff"]
[Result "1-0"]
[WhiteElo "1436"]
[BlackElo "1398"]
[PlyCount "47"]
[EventDate "2005.??.??"]
[EventType "tourn (corr)"]
[EventRounds "4"]
[SourceTitle "Corr 2008"]
[Source "ChessBase"]
[SourceDate "2008.06.24"]
[SourceVersion "1"]
[SourceVersionDate "2008.06.24"]
[SourceQuality "1"]

1. d4 d5 2. Nf3 e6 3. Bf4 Nf6 4. e3 c5 5. c3 Nc6 6. Bd3 Be7 7. dxc5 Bxc5 8. Nbd2 0-0 9. 0-0 Bd7 10. e4 Qb6 11. b4 Be7 12. b5 Na5 13. a4 dxe4 14. Nxe4 Rac8 15. Nxf6+ Bxf6 16. Ne5 Rfd8 17. Bxh7+ Kxh7 18. Qh5+ Kg8 19. Qxf7+ Kh7 20. Nxd7 Rxd7 21. Qxd7 Rxc3 22. Rac1 Rc4 23. Rxc4 Nxc4 24. Qd3+ 1-0

[Event "IECC CL6-2005.18 email"]
[Site "IECC email"]
[Date "2005.11.07"]
[Round "?"]
[White "Ostrovskij, Jori"]
[Black "Jordaan, Wayne"]
[Result "1-0"]
[WhiteElo "1475"]
[BlackElo "1375"]
[PlyCount "165"]
[EventDate "2005.??.??"]
[EventType "tourn (corr)"]
[EventRounds "4"]
[SourceTitle "Corr 2008"]
[Source "ChessBase"]
[SourceDate "2008.06.24"]
[SourceVersion "1"]
[SourceVersionDate "2008.06.24"]
[SourceQuality "1"]

1. d4 d5 2. Nf3 Nf6 3. Bf4 Bf5 4. e3 e6 5. a3 Bd6 6. Bg5 0-0 7. c4 Nbd7 8. Nc3 Be7 9. Rc1 h6 10. Bh4 c6 11. Be2 Qb6 12. b4 Qa6 13. Qb3 dxc4 14. Bxc4 b5 15. Be2 Bd6 16. Nd2 Qb6 17. e4 Bg6 18. e5 Qxd4 19. Bxf6 Nxe5 20. Rd1 Qf4 21. Bxe5 Bxe5 22. g3 Qf6 23. Nce4 Qe7 24. Bf3 Rfd8 25. 0-0 a5 26. Nc5 a4 27. Qa2 Rac8 28. Be4 Bh5 29. Nf3 Bd6 30. Rc1 Kh8 31. Qe2 Bg4 32. Qe3 f5 33. Nh4 Kg8 34. Bg2 f4 35. Qe4 g5 36. h3 Bh5 37. g4 Bf7 38. Nf3 Bb8 39. Na6 Bd6 40. Rxc6 e5 41. Rfc1 Rxc6 42. Qxc6 e4 43. Re1 e3 44. Qxb5 exf2+ 45. Kxf2 Qf6 46. Qxa4 Qc3 47. Qa5 Ra8 48. Bf1 Bf8 49. a4 Qc2+ 50. Re2 Qc3 51. Rd2 Re8 52. Qc7 Bxb4 53. Qxc3 Bxc3 54. Rd3 Ba5 55. Rd6 Re6 56. Rxe6 Bxe6 57. Bb5 Bd5 58. Nb8 Bb6+ 59. Ke2 Kg7 60. Nd7 Ba5 61. Nd4 Bg2 62. h4 gxh4 63. Nf5+ Kf7 64. Bc4+ Ke8 65. Nf6+ Kd8 66. Nxh4 Bc6 67. Bb5 Bb7 68. Ng8 Bd5 69. Nxh6 Kc8 70. N6f5 Kb7 71. g5 Bd8 72. g6 Kb6 73. g7 Bf6 74. Ng6 Bb3 75. Nge7 Bxg7 76. Nxg7 Kc5 77. Kd3 Ba2 78. Nh5 Bb1+ 79. Ke2 Kd6 80. Nc6 Be4 81. Nxf4 Bxc6 82. Bxc6 Kxc6 83. Kd3 1-0

[Event "IECC CL6-2005.18 email"]
[Site "IECC email"]
[Date "2005.11.07"]
[Round "?"]
[White "Pleijsier, Hans"]
[Black "Ostrovskij, Jori"]
[Result "0-1"]
[WhiteElo "1283"]
[BlackElo "1394"]
[PlyCount "56"]
[EventDate "2005.??.??"]
[EventType "tourn (corr)"]
[EventRounds "4"]
[SourceTitle "Corr 2008"]
[Source "ChessBase"]
[SourceDate "2008.06.24"]
[SourceVersion "1"]
[SourceVersionDate "2008.06.24"]
[SourceQuality "1"]

1. d4 d5 2. Nf3 Nf6 3. e3 Bf5 4. c4 e6 5. Nc3 c6 6. Bd3 Bxd3 7. Qxd3 Nbd7 8. cxd5 exd5 9. Bd2 Bd6 10. 0-0 0-0 11. Rab1 Qe7 12. Rfe1 Rfe8 13. a3 Ne4 14. b4 Ndf6 15. h3 a5 16. b5 Bxa3 17. bxc6 bxc6 18. Ne5 Nxd2 19. Qxd2 c5 20. f4 Bb4 21. Qb2 Bxc3 22. Qxc3 Ne4 23. Qa3 f6 24. Ng4 c4 25. Qxe7 Rxe7 26. Nf2 Nc3 27. Ra1 a4 28. Nd1 Nxd1 0-1

[Event "IECC P-4018"]
[Site "IECC email"]
[Date "2005.10.11"]
[Round "?"]
[White "Ostrovskij, Jori"]
[Black "Kinna, Michael"]
[Result "1/2-1/2"]
[WhiteElo "1462"]
[BlackElo "1332"]
[PlyCount "37"]
[EventDate "2005.??.??"]
[EventType "tourn (corr)"]
[EventRounds "1"]
[SourceTitle "Corr 2008"]
[Source "ChessBase"]
[SourceDate "2008.06.24"]
[SourceVersion "1"]
[SourceVersionDate "2008.06.24"]
[SourceQuality "1"]

1. e4 c5 2. Nf3 e6 3. d4 cxd4 4. c3 dxc3 5. Nxc3 Nc6 6. Bc4 Nf6 7. e5 Ng4 8. Bf4 Bc5 9. 0-0 0-0 10. Ne4 Be7 11. Qe2 Qa5 12. Nd6 Ncxe5 13. Nxc8 Raxc8 14. Bxe5 Rxc4 15. Qxc4 Nxe5 16. Nxe5 Qxe5 17. Qa4 Bd6 18. g3 Bc5 19. Qxd7 1/2-1/2

[Event "IECC CL6-2005.16 email"]
[Site "IECC email"]
[Date "2005.10.02"]
[Round "?"]
[White "Detain, Tom"]
[Black "Ostrovskij, Jori"]
[Result "0-1"]
[WhiteElo "1218"]
[BlackElo "1320"]
[PlyCount "46"]
[EventDate "2005.??.??"]
[EventType "tourn (corr)"]
[EventRounds "4"]
[SourceTitle "Corr 2008"]
[Source "ChessBase"]
[SourceDate "2008.06.24"]
[SourceVersion "1"]
[SourceVersionDate "2008.06.24"]
[SourceQuality "1"]

1. d4 d5 2. c4 e6 3. Nc3 Nf6 4. Nf3 c6 5. Bf4 dxc4 6. e4 b5 7. a3 Bb7 8. e5 Nd5 9. Qd2 Qa5 10. Nxd5 Qxd2+ 11. Bxd2 cxd5 12. Be2 Nc6 13. 0-0 Be7 14. Rfe1 0-0 15. Rac1 f6 16. Rc3 fxe5 17. Nxe5 Nxe5 18. dxe5 d4 19. Rg3 Bh4 20. Rf3 Bxf3 21. Bxf3 Rad8 22. Rd1 c3 23. bxc3 Rxf3 0-1

[Event "IECC P-3999"]
[Site "IECC email"]
[Date "2005.08.28"]
[Round "?"]
[White "Ostrovskij, Jori"]
[Black "Davies, Hywel"]
[Result "1/2-1/2"]
[WhiteElo "1306"]
[BlackElo "1241"]
[PlyCount "59"]
[EventDate "2005.??.??"]
[EventType "tourn (corr)"]
[EventRounds "1"]
[SourceTitle "Corr 2008"]
[Source "ChessBase"]
[SourceDate "2008.06.24"]
[SourceVersion "1"]
[SourceVersionDate "2008.06.24"]
[SourceQuality "1"]

1. d4 g6 2. Nf3 Nf6 3. Bf4 Bg7 4. e3 0-0 5. Nbd2 d6 6. h3 b6 7. Bc4 Bb7 8. 0-0 Nbd7 9. c3 c5 10. Qe2 Nd5 11. Bg5 h6 12. Bh4 N5f6 13. Rac1 e5 14. dxe5 dxe5 15. Bg3 Qe7 16. e4 Nh5 17. Bh2 Rad8 18. Bd5 Bc8 19. Qe3 Nhf6 20. Bc4 Bb7 21. Rcd1 a6 22. a4 Bc6 23. Bxa6 Bxa4 24. Ra1 Bc6 25. Bd3 b5 26. Ra7 Qd6 27. Rfa1 c4 28. Bc2 Ra8 29. b3 cxb3 30. Bxb3 1/2-1/2

[Event "IECC CL6-2005.11 email"]
[Site "IECC email"]
[Date "2005.07.27"]
[Round "?"]
[White "Ostrovskij, Jori"]
[Black "MacDonald, Murdo"]
[Result "1-0"]
[WhiteElo "1294"]
[BlackElo "1225"]
[PlyCount "75"]
[EventDate "2005.??.??"]
[EventType "tourn (corr)"]
[EventRounds "4"]
[SourceTitle "Corr 2020"]
[Source "ChessBase"]
[SourceDate "2019.09.30"]
[SourceVersion "1"]
[SourceVersionDate "2019.09.30"]
[SourceQuality "1"]
[WhiteTeam "Finland"]
[BlackTeam "Scotland"]
[WhiteTeamCountry "FIN"]
[BlackTeamCountry "SCO"]

1. d4 d5 2. Nf3 Nc6 3. Bf4 Bf5 4. e3 Nf6 5. c3 e6 6. Bb5 Bd6 7. Qa4 0-0 8. Bxc6 bxc6 9. Qxc6 Ne4 10. Bxd6 cxd6 11. Qa6 Bg4 12. h3 Bh5 13. Nfd2 Qf6 14. Nxe4 dxe4 15. Qxd6 Rad8 16. Qc5 Rd5 17. Qxa7 Rf5 18. Rf1 Qg5 19. g4 Bxg4 20. hxg4 Qxg4 21. Nd2 h5 22. Qb7 h4 23. Qxe4 Qh5 24. b4 h3 25. a4 g5 26. a5 g4 27. a6 Rg5 28. a7 g3 29. fxg3 Rxg3 30. a8Q Rxa8 31. Rxa8+ Kg7 32. Qf4 Qg6 33. Qe5+ f6 34. Qc7+ Qf7 35. Qxg3+ Kh6 36. Rh8+ Qh7 37. Rxf6+ Kh5 38. Rxh7# 1-0

[Event "IECC P email"]
[Site "IECC email"]
[Date "2000.08.10"]
[Round "?"]
[White "Lanchipa, Cesar"]
[Black "Ostrovskij, Jori"]
[Result "0-1"]
[WhiteElo "1263"]
[BlackElo "1264"]
[PlyCount "48"]
[EventDate "2000.??.??"]
[EventType "tourn (corr)"]
[EventRounds "6"]
[SourceTitle "Corr 2008"]
[Source "ChessBase"]
[SourceDate "2008.06.24"]
[SourceVersion "1"]
[SourceVersionDate "2008.06.24"]
[SourceQuality "1"]

1. e4 c5 2. Nf3 Nc6 3. d4 cxd4 4. Nxd4 g6 5. Bc4 Bg7 6. Nxc6 bxc6 7. c3 d6 8. 0-0 Nf6 9. f3 Qb6+ 10. Kh1 0-0 11. Bf4 Qxb2 12. Nd2 Qxc3 13. Rc1 Qa5 14. Bb3 Ba6 15. Re1 Rac8 16. Nc4 Bxc4 17. Rxc4 Nd7 18. Bd2 Qh5 19. Bf4 c5 20. Bg3 Nb6 21. Rc1 c4 22. Ba4 Qa5 23. Bc2 Qxa2 24. Ra1 Bxa1 0-1